书目信息 |
| 题名: |
影响领导执行力的152个经典故事
|
|
| 作者: | 李永红 主编 | |
| 分册: | ||
| 出版信息: | 北京 时事出版社 2006 |
|
| 页数: | 223页 | |
| 开本: | 25cm | |
| 丛书名: | ||
| 单 册: | ||
| 中图分类: | C933-49 | |
| 科图分类: | ||
| 主题词: | 领导学--通俗读物 | |
| 电子资源: | ||
| ISBN: | 7-80009-960-1 | |
| 000 | 01232nam0 2200301 450 | |
| 000 | 01195nam0 2200289 450 | |
| 000 | 01164nam0 2200289 450 | |
| 000 | 01110nam0 2200265 450 | |
| 000 | 01106nam0 2200253 450 | |
| 000 | 01069nam0 2200241 45 | |
| 001 | TS2006044481 | |
| 005 | 20061216105532.70 | |
| 010 | @a7-80009-960-1@dCNY28.00 | |
| 100 | @a20060829d2006 ekmy0chiy0120 ea | |
| 101 | 0 | @achi |
| 102 | @aCN@b110000 | |
| 105 | @aa z 000yy | |
| 200 | 1 | @a影响领导执行力的152个经典故事@AYing Xiang Ling Dao Zhi Xing Li De 152 Ge Jing Dian Gu Shi@f李永红主编@FLi Yong Hong Zhu Bian |
| 210 | @a北京@c时事出版社@d2006 | |
| 215 | @a223页@c图@d25cm | |
| 330 | @a本书收集了152个经典故事,配以插图讲述的形式,让领导者在轻松自然的享受中领悟领导的真谛,感悟领导的大智慧、大道理,提升领导的水平和质量。这些经典故事要告诉领导者的是:如何做好一个好领导、领导魅力、领导交际、领导决策、如何提升领导力、如何提升领导执行力和如何提升领导竞争力。 | |
| 606 | 0 | @a领导学@x通俗读物 |
| 690 | @aC933-49@v4 | |
| 701 | 0 | @a李永红@ALi Yong Hong@4主编 |
| 801 | 0 | @aCN@b中图数据@c20061216 |
| 905 | @a10447@dC933-49@e241 | |
| 影响领导执行力的152个经典故事/李永红主编.-北京:时事出版社,2006 |
| 223页:图;25cm |
| ISBN 7-80009-960-1:CNY28.00 |
| 本书收集了152个经典故事,配以插图讲述的形式,让领导者在轻松自然的享受中领悟领导的真谛,感悟领导的大智慧、大道理,提升领导的水平和质量。这些经典故事要告诉领导者的是:如何做好一个好领导、领导魅力、领导交际、领导决策、如何提升领导力、如何提升领导执行力和如何提升领导竞争力。 |
| ● |
| 相关链接 |
|
|
|
|
正题名:影响领导执行力的152个经典故事
索取号:C933-49/241
 
预约/预借
| 序号 | 登录号 | 条形码 | 馆藏地/架位号 | 状态 | 备注 |
| 1 | 0618310 | 206183100 | 第一样本阅览室/ [索取号:C933-49/241] | 在馆 | |
| 2 | 0618311 | 206183119 | 第一借阅区/ [索取号:C933-49/241] | 在馆 | |
| 3 | 0618312 | 206183128 | 第一借阅区/ [索取号:C933-49/241] | 在馆 |